Statistiques concernant Les souverains d'Espagne

Cliquez ici pour prendre le quiz!

Statistiques générales

  • Ce quiz a été pris 9 fois
  • Le résultat moyen est 8 sur 21

Statistiques - réponses

Réponse% Correct
Philippe II
78%
Philippe Ier
67%
Philippe III
67%
Philippe IV
67%
Philippe V
67%
Charles Ier
56%
Charles II
56%
Charles III
44%
Charles IV
44%
Felipe VI
44%
Alphonse XII
33%
Alphonse XIII
33%
Isabelle Ier
33%
Isabelle II
33%
Juan Carlos Ier
33%
Ferdinand V
22%
Louis Ier
22%
Amédée Ier
11%
Ferdinand VI
11%
Ferdinand VII
11%
Jeanne Iere
11%

Distribution des résultats

Percentile par nombre de réponses

% des personnes avec chaque résultat

Votre développement - résultats

Vous n’avez pas pris ce quiz